Historie du droit civil.

Збережено в:
Бібліографічні деталі
Автор: Lévy, Jean-Philippe (autor)
Інші автори: Castaldo, André (autor)
Формат: Книга
Опубліковано: Paris, France. Dalloz, 2002.
Редагування:1re édition.
Предмети:
Теги: Додати тег
Немає тегів, Будьте першим, хто поставить тег для цього запису!

MARC

LEADER 00000nam a22000007a 4500
003 CL-VaPUC
005 20220822114519.0
008 220623t2002 ||||| |||| 00| 0 eng d
999 |c 436266  |d 436264 
020 |a 978-224707666 
040 |c Pontificia Universidad Católica de Valparaíso 
082 7 |a 346.44009 LEV 2002  |2 22 
100 1 |a Lévy, Jean-Philippe  |e autor  |9 871314 
245 |a Historie du droit civil. 
250 |a 1re édition. 
260 |a Paris, France.  |b Dalloz,  |c 2002. 
300 |a 1554 páginas.  
500 |a c.1 Donación Familia Prof. Alejandro Guzmán Brito. 
583 |c 20220623  |k Cristina María Rojas Aguilar 
650 |a Derecho civil  |z Francia  |x Historia   |9 869324 
650 |a Derecho romao  |x Historia   |9 871423 
700 |a Castaldo, André  |e autor  |9 871315 
942 |2 ddc  |c BK  |n 0 
952 |0 0  |1 0  |2 ddc  |4 0  |6 346_440090000000000_LEV_2002  |7 1  |8 C_AGB  |9 583996  |a BIBDER  |b BIBDER  |d 2022-06-23  |e Donación   |i 5652067  |o 346.44009 LEV 2002  |p 5652067  |r 2023-01-25  |t 1  |w 2022-06-23  |y BK_US  |k AGB